| 000 | 01027nas a2200313 4500 | ||
|---|---|---|---|
| 001 | BR9211837 | ||
| 003 | BR-BrBNA | ||
| 005 | 20231205093531.0 | ||
| 007 | ta | ||
| 008 | 230509b bl.|||p| |||| 00| 00por d | ||
| 040 |
_aBR-BrBNA _bpor _cBiblioteca Nacional de Agricultura |
||
| 041 | _a(Pt) | ||
| 072 | _aL02 | ||
| 100 | 1 | _aNicolaiewsky, S. | |
| 100 | 1 | _aPenz Junior, A.M. | |
| 100 | 1 | _aBertol, T.M. | |
| 245 | 1 | _aUtilizacao da raiz de mandioca "in natura", raiz de mandioca conservada (silagem)e batata-doce na alimentacao de porcas gestantes | |
| 246 | 1 | _aUse of cassava root "in natura", cassava root silage and sweet potato for gestating sows | |
| 650 | _aSUÍNO | ||
| 650 | _aMANDIOCA | ||
| 650 | _aRAIZ | ||
| 650 | _aBATATA DOCE | ||
| 650 | _aSILAGEM | ||
| 650 | _aPRENHEZ | ||
| 650 | _aENERGIA | ||
| 773 | 0 |
_tRevista da Sociedade Brasileira de Zootecnia (Brazil) _xISSN 0100-4859 _g(May-Jun 1992), v. 21(3) p. 359-365 _wBR9211837 |
|
| 909 |
_a202311 _bLúcia _c55 _dLúcia Elande |
||
| 942 |
_2AGRIS _n0 _cANA |
||
| 999 |
_c139034 _d139034 |
||